[Event "MEX-ch (Women)"]
[Site "Mexico City"]
[Date "2023.11.10"]
[Round "5"]
[White "Mendoza Recio, Josselyne"]
[Black "Salas Estrada, Ana Paola"]
[Result "0-1"]
[WhiteElo "1573"]
[BlackElo "1659"]
[PlyCount "86"]
[EventDate "2023.11.07"]
[EventType "swiss"]
[EventRounds "9"]
[EventCountry "MEX"]
[SourceTitle "CB47_2023"]
[SourceDate "2023.11.22"]
[SourceVersion "1"]
[SourceVersionDate "2023.11.22"]
[SourceQuality "1"]

1. e4 c5 2. Nc3 g6 3. f4 Bg7 4. Nf3 d6 5. Bb5+ Nc6 6. Bxc6+ bxc6 7. 0-0 e6 8. d3 Ne7 9. Qe1 Qb6 10. Kh1 Ba6 11. Rb1 c4 12. Be3 Qa5 13. d4 d5 14. Bd2 Qc7 15. e5 0-0 16. g4 c5 17. Rg1 Nc6 18. dxc5 d4 19. Ne4 f6 20. exf6 Bxf6 21. Nxf6+ Rxf6 22. g5 Rf7 23. Qxe6 Bb7 24. Rgf1 d3 25. Qxc4 dxc2 26. Rbc1 Rd8 27. Kg1 Qd7 28. Ne5 Nxe5 29. fxe5 Bd5 30. Qc3 Qg4+ 31. Qg3 Rxf1+ 32. Rxf1 Qxg3+ 33. hxg3 Bc4 34. Rf4 Rxd2 35. Rxc4 Rd1+ 36. Kf2 c1Q 37. Rxc1 Rxc1 38. b4 a5 39. a3 axb4 40. axb4 Rc4 41. Ke3 Rxb4 42. Kd3 Kf7 43. c6 Rb6 0-1

[Event "Chihuahua Bionext op"]
[Site "Chihuahua City"]
[Date "2019.11.28"]
[Round "1"]
[White "Salas Estrada, Ana Paola"]
[Black "Cori, Jorge Moise"]
[Result "0-1"]
[WhiteElo "1657"]
[BlackElo "2651"]
[PlyCount "60"]
[EventDate "2019.11.28"]
[EventType "swiss"]
[EventRounds "7"]
[EventCountry "MEX"]
[SourceTitle "CBM 193 Extra"]
[Source "ChessBase"]
[SourceDate "2020.01.31"]
[SourceVersion "1"]
[SourceVersionDate "2020.01.31"]
[SourceQuality "1"]

1. e4 c5 2. Nf3 d6 3. Bc4 e6 4. Qe2 a6 5. d3 Nc6 6. a3 Nf6 7. Ba2 Be7 8. c3 0-0 9. 0-0 b5 10. Nbd2 Bb7 11. h3 Qc7 12. Re1 Rfd8 13. Nf1 Ne5 14. N3h2 c4 15. Bb1 cxd3 16. Bxd3 d5 17. Bc2 dxe4 18. Bf4 Qc5 19. Ng4 Nd3 20. Be3 Qc6 21. Reb1 Nd5 22. Bd4 N5f4 23. Qe3 Rxd4 24. Bxd3 exd3 25. f3 Ne2+ 26. Kh1 Rd5 27. Rd1 Rad8 28. Qf2 h5 29. Nge3 R5d7 30. f4 Qe4 0-1